| 000 | 01027nam a2200229Ia 4500 | ||
|---|---|---|---|
| 003 | OSt | ||
| 005 | 20201124095724.0 | ||
| 008 | 191128s2011 ck a gr o000 0 spa d | ||
| 020 | _a9789589807118 | ||
| 040 |
_aCO-JMCR _cCO-JMCR |
||
| 041 | 0 | _aspa | |
| 082 | 0 | 4 |
_a324.9861 / _bC646b _223 |
| 110 | 1 |
_aColombia. _bRegistraduria Nacional del Estado Civil _93670 |
|
| 245 | 1 | 0 |
_aBalance de las elecciones de autoridades locales, octubre 30 de 2011 / _cRegistraduria Nacional del Estado Civil |
| 260 |
_aBogotá : _bEl Nuevo Siglo, _c[2011?] |
||
| 300 |
_a106 páginas : _bilustraciones a color ; _c28 cm. |
||
| 520 | _aEl registrador afirmó que las elecciones de autoridades locales de 2011, fueron las primeras elecciones que se realizaron en el país con la cédula renovada, que permitió depurar el censo y aplicar la biometría que ha sido considerada exitosa. | ||
| 650 | 1 | 4 |
_aElecciones _zColombia _93749 |
| 650 | 1 | 4 |
_aSufragio _zColombia _93750 |
| 650 | 2 | 4 |
_aGobierno representativo _zColombia _93751 |
| 942 |
_2ddc _cBK |
||
| 999 |
_c4829 _d4829 |
||